000 00287nam a22001337a 4500
008 170308b xxu||||| |||| 00| 0 eng d
020 _a9780316742283
041 _aeng
080 _a611
100 _a6
101 _aSHM
245 _aMEDICAL PHYSIOLOGY
_cRHOADES, R.A
942 _2udc
_cBK
999 _c7219
_d7219